[Event "Obera op"]
[Site "Obera"]
[Date "2023.02.05"]
[Round "5"]
[White "Diaz, Fabricio Benjamin"]
[Black "Molina, Vicente"]
[Result "1/2-1/2"]
[WhiteElo "1378"]
[BlackElo "1663"]
[PlyCount "53"]
[EventDate "2023.02.03"]
[EventType "swiss"]
[EventRounds "6"]
[EventCountry "ARG"]
[SourceTitle "CBM 212 Extra"]
[Source "ChessBase"]
[SourceDate "2023.03.31"]
[SourceVersion "1"]
[SourceVersionDate "2023.03.31"]
[SourceQuality "1"]

1. e4 d6 2. d4 g6 3. f4 Bg7 4. Nc3 Nd7 5. Nf3 c6 6. Bc4 e6 7. a4 Ne7 8. Be3 0-0 9. 0-0 Qc7 10. Qd2 h6 11. Nh4 d5 12. exd5 cxd5 13. Bd3 f5 14. Nb5 Qd8 15. c4 Kh7 16. c5 Nf6 17. Nf3 Nc6 18. Ne5 Ne4 19. Bxe4 Nxe5 20. fxe5 dxe4 21. Nd6 b6 22. b4 bxc5 23. bxc5 Ba6 24. Rfb1 Qc7 25. Qa2 Qe7 26. Qd2 Qc7 27. Qa2 1/2-1/2

[Event "Posadas Misionera op"]
[Site "Posadas"]
[Date "2022.08.13"]
[Round "2"]
[White "Benitez G, Crysthian Alejandri"]
[Black "Molina, Vicente"]
[Result "1-0"]
[WhiteElo "1180"]
[BlackElo "1726"]
[PlyCount "63"]
[EventDate "2022.08.13"]
[EventType "swiss"]
[EventRounds "6"]
[EventCountry "ARG"]
[SourceTitle "EXT 2023"]
[Source "ChessBase"]
[SourceDate "2022.10.05"]
[SourceVersion "1"]
[SourceVersionDate "2022.10.05"]
[SourceQuality "1"]

1. d4 d5 2. c4 c6 3. Nc3 Nf6 4. Bf4 e6 5. Nf3 Bd6 6. Bxd6 Qxd6 7. e3 Nbd7 8. Bd3 0-0 9. 0-0 e5 10. cxd5 exd4 11. Nxd4 Ne5 12. Bc2 Nfg4 13. Bf5 Nxh2 14. Bxh7+ Kh8 15. Qh5 Nhg4 16. Nf5 Bxf5 17. Bxf5+ Nh6 18. dxc6 Nxc6 19. Be4 f5 20. Bf3 Ne5 21. Rfd1 Nxf3+ 22. Qxf3 Qe7 23. Nd5 Qf7 24. Nf4 g5 25. Rd6 gxf4 26. Rxh6+ Kg8 27. Qxf4 Qg7 28. Rh3 Qxb2 29. Rd1 Rf7 30. Rg3+ Kh8 31. Qh4+ Rh7 32. Rd8+ 1-0

[Event "Misiones Reta Cup"]
[Site "Misiones"]
[Date "2021.11.22"]
[Round "6"]
[White "Molina, Vicente"]
[Black "Cirilli, Luis Mariano"]
[Result "1-0"]
[WhiteElo "1791"]
[BlackElo "1789"]
[PlyCount "67"]
[EventDate "2021.11.20"]
[EventType "swiss"]
[EventRounds "6"]
[EventCountry "ARG"]
[SourceTitle "CBM 205 Extra"]
[Source "ChessBase"]
[SourceDate "2022.01.31"]
[SourceVersion "1"]
[SourceVersionDate "2022.01.31"]
[SourceQuality "1"]

1. e4 Nf6 2. Nc3 d5 3. e5 Nfd7 4. d4 e6 5. Nf3 c5 6. Ne2 Nc6 7. c3 Qb6 8. Qb3 Qxb3 9. axb3 cxd4 10. cxd4 Nb4 11. Kd2 g6 12. Nc3 h6 13. Kd1 a6 14. Be3 Nb8 15. Be2 Bd7 16. Kd2 N8c6 17. Rhc1 Rb8 18. Ne1 Be7 19. g3 f6 20. f4 fxe5 21. fxe5 Bg5 22. h4 Nxd4 23. hxg5 Nxb3+ 24. Kd1 d4 25. Ra3 Nxc1 26. Bxc1 dxc3 27. Rxc3 Ba4+ 28. b3 Nd5 29. Rf3 Bc6 30. gxh6 Rd8 31. Rd3 Nc3+ 32. Kd2 Ne4+ 33. Kc2 g5 34. Bh5+ 1-0

[Event "Misiones Reta Cup"]
[Site "Misiones"]
[Date "2021.11.21"]
[Round "3"]
[White "Jimenez, Joaquin Rodrigo"]
[Black "Molina, Vicente"]
[Result "1-0"]
[WhiteElo "2265"]
[BlackElo "1791"]
[PlyCount "45"]
[EventDate "2021.11.20"]
[EventType "swiss"]
[EventRounds "6"]
[EventCountry "ARG"]
[SourceTitle "CBM 205 Extra"]
[Source "ChessBase"]
[SourceDate "2022.01.31"]
[SourceVersion "1"]
[SourceVersionDate "2022.01.31"]
[SourceQuality "1"]

1. c4 c6 2. d4 d5 3. Nc3 e5 4. dxe5 d4 5. Ne4 Qa5+ 6. Bd2 Qxe5 7. Ng3 c5 8. Nf3 Qe7 9. e3 Nc6 10. Be2 Bg4 11. 0-0 0-0-0 12. Nxd4 Bxe2 13. Ndxe2 g6 14. Qc2 Bg7 15. Nf4 Nf6 16. Bc3 Rhe8 17. a3 h5 18. Rad1 h4 19. Nge2 g5 20. Qf5+ Kb8 21. Qxg5 Rg8 22. Rxd8+ Qxd8 23. Nd5 1-0

[Event "San Vicente IRT U2200"]
[Site "San Vicente"]
[Date "2019.11.03"]
[Round "6.4"]
[White "Lopez, Julio Alberto"]
[Black "Molina, Vicente"]
[Result "1/2-1/2"]
[WhiteElo "1851"]
[BlackElo "1789"]
[PlyCount "24"]
[EventDate "2019.11.02"]
[EventType "swiss"]
[EventRounds "6"]
[EventCountry "ARG"]
[SourceTitle "EXT 2024"]
[Source "ChessBase"]
[SourceDate "2023.10.10"]
[SourceVersion "1"]
[SourceVersionDate "2023.10.10"]
[SourceQuality "1"]

1. d4 d5 2. c4 c6 3. Nc3 Nf6 4. Bg5 e6 5. e3 Be7 6. Nf3 Nbd7 7. Bd3 0-0 8. Rc1 dxc4 9. Bxc4 b5 10. Bd3 a6 11. 0-0 Bb7 12. Bb1 c5 1/2-1/2

[Event "ARG-ch sf U300 City"]
[Site "Posadas"]
[Date "2019.06.16"]
[Round "4.2"]
[White "Riva, Eric"]
[Black "Molina, Vicente"]
[Result "1-0"]
[WhiteElo "1749"]
[BlackElo "1817"]
[PlyCount "81"]
[EventDate "2019.06.15"]
[EventType "swiss"]
[EventRounds "6"]
[EventCountry "ARG"]
[SourceTitle "EXT 2024"]
[Source "ChessBase"]
[SourceDate "2023.10.10"]
[SourceVersion "1"]
[SourceVersionDate "2023.10.10"]
[SourceQuality "1"]

1. Nf3 d5 2. e3 e6 3. b3 f5 4. Bb2 Nf6 5. c4 c6 6. Be2 Bd6 7. Qc2 0-0 8. 0-0 Qe7 9. Ne5 Nbd7 10. f4 a5 11. Rf3 Ng4 12. Nxg4 fxg4 13. Rg3 Nf6 14. Bxg4 e5 15. fxe5 Bxe5 16. Bxe5 Qxe5 17. d4 Qe4 18. Qxe4 Nxe4 19. Bxc8 Nxg3 20. Be6+ Kh8 21. hxg3 Rae8 22. cxd5 cxd5 23. Bxd5 Rxe3 24. Nd2 Rd8 25. Bxb7 Rxd4 26. Nf3 Rd8 27. Kf2 Re7 28. Ba6 Rf8 29. Re1 Ra7 30. Bb5 Rc7 31. Bc4 g5 32. g4 h6 33. Re6 Kg7 34. Bd3 Rf6 35. Rxf6 Kxf6 36. Ke3 Rc1 37. Be4 Ra1 38. a4 Rc1 39. Nd2 Ke6 40. Kd3 Rd1 41. Bf3 1-0

[Event "Foz do Iguacu op 2nd"]
[Site "Foz do Iguacu"]
[Date "2014.12.13"]
[Round "4"]
[White "Molina, Vicente"]
[Black "Deus Filho, Joaquim"]
[Result "0-1"]
[WhiteElo "1822"]
[BlackElo "1983"]
[PlyCount "64"]
[EventDate "2014.12.12"]
[EventType "swiss"]
[EventRounds "6"]
[EventCountry "BRA"]
[SourceTitle "EXT 2016"]
[Source "ChessBase"]
[SourceDate "2015.10.08"]
[SourceVersion "1"]
[SourceVersionDate "2015.10.08"]
[SourceQuality "1"]

1. c4 c5 2. Nf3 Nc6 3. d4 cxd4 4. Nxd4 Qb6 5. e3 g6 6. Nc3 Nf6 7. Be2 Bg7 8. 0-0 0-0 9. Qd2 d6 10. Rd1 Bd7 11. b3 a6 12. Bb2 Ne5 13. Nf3 Nxf3+ 14. Bxf3 Bc6 15. Qe2 Rfd8 16. Rd2 Qa5 17. Rad1 Qc7 18. Bxc6 bxc6 19. g3 h5 20. e4 e5 21. Ba3 Bf8 22. Kg2 Rd7 23. f3 Rad8 24. Rc2 Bh6 25. Qd3 Qa5 26. Na4 d5 27. cxd5 cxd5 28. Rc5 dxe4 29. Qxd7 Rxd7 30. Rxa5 Rxd1 31. fxe4 Rd2+ 32. Kf3 Ng4 0-1

[Event "Posadas Misiones IRT"]
[Site "Posadas"]
[Date "2014.03.24"]
[Round "8"]
[White "Molina, Vicente"]
[Black "Garcia, Cristian"]
[Result "1/2-1/2"]
[WhiteElo "1883"]
[BlackElo "1875"]
[PlyCount "102"]
[EventDate "2014.03.22"]
[EventType "swiss"]
[EventRounds "9"]
[EventCountry "ARG"]
[SourceTitle "EXT 2024"]
[Source "ChessBase"]
[SourceDate "2023.10.10"]
[SourceVersion "1"]
[SourceVersionDate "2023.10.10"]
[SourceQuality "1"]

1. c4 Nf6 2. d4 g6 3. Nc3 Bg7 4. e4 d6 5. f4 0-0 6. Nf3 c5 7. d5 Na6 8. Bd3 Nc7 9. 0-0 e6 10. dxe6 Nxe6 11. f5 Nd4 12. Ng5 h6 13. Nh3 g5 14. Nf2 Nc6 15. Nd5 Nxd5 16. cxd5 Ne5 17. Be2 Bd7 18. Ng4 Nxg4 19. Bxg4 Bd4+ 20. Kh1 b5 21. Be2 a5 22. Bd3 Qf6 23. Rb1 c4 24. Bc2 Kg7 25. Qg4 Rh8 26. Qh5 b4 27. b3 cxb3 28. axb3 Rac8 29. Bd3 Rc3 30. Rf3 Be5 31. Bd2 Rcc8 32. Bc4 Qd8 33. h4 f6 34. Rh3 Be8 35. Qe2 Bf7 36. g4 Qb6 37. Be3 Qc7 38. Rc1 Qd8 39. Rc2 Be8 40. Ra2 Ra8 41. Bb5 Bc3 42. Qf2 Bxb5 43. Bb6 Qe8 44. Rxa5 Rxa5 45. Bxa5 Qxe4+ 46. Rf3 Be2 47. Qa7+ Kg8 48. Qb8+ Kg7 49. Qc7+ Kg8 50. Qd8+ Kg7 51. Qd7+ Kg8 1/2-1/2

[Event "Posadas Misiones IRT"]
[Site "Posadas"]
[Date "2014.03.23"]
[Round "4"]
[White "Jimenez, Joaquin Rodrigo"]
[Black "Molina, Vicente"]
[Result "1-0"]
[WhiteElo "2190"]
[BlackElo "1883"]
[PlyCount "63"]
[EventDate "2014.03.22"]
[EventType "swiss"]
[EventRounds "9"]
[EventCountry "ARG"]
[SourceTitle "EXT 2024"]
[Source "ChessBase"]
[SourceDate "2023.10.10"]
[SourceVersion "1"]
[SourceVersionDate "2023.10.10"]
[SourceQuality "1"]

1. d4 Nf6 2. c4 c6 3. Nc3 d5 4. Nf3 g6 5. e3 Bg7 6. Be2 0-0 7. 0-0 Nbd7 8. Qc2 Re8 9. Rd1 Nb6 10. cxd5 cxd5 11. Ne5 Bf5 12. Qb3 Rc8 13. Bd2 Be6 14. Nb5 Nfd7 15. Nxd7 Qxd7 16. Nxa7 Nc4 17. Nxc8 Rxc8 18. Bb4 Bf5 19. Rdc1 b5 20. Bc5 e5 21. Qb4 exd4 22. exd4 Re8 23. Bxc4 bxc4 24. Re1 Be6 25. a4 Qd8 26. b3 cxb3 27. Qxb3 Qg5 28. a5 Qd2 29. a6 Bxd4 30. Bxd4 Qxd4 31. a7 Kg7 32. a8Q 1-0

[Event "Posadas Misiones IRT"]
[Site "Posadas"]
[Date "2014.03.22"]
[Round "1"]
[White "Molina, Vicente"]
[Black "Fernandez, Gabriel2222"]
[Result "1/2-1/2"]
[WhiteElo "1883"]
[BlackElo "1657"]
[PlyCount "98"]
[EventDate "2014.03.22"]
[EventType "swiss"]
[EventRounds "9"]
[EventCountry "ARG"]
[SourceTitle "EXT 2024"]
[Source "ChessBase"]
[SourceDate "2023.10.10"]
[SourceVersion "1"]
[SourceVersionDate "2023.10.10"]
[SourceQuality "1"]

1. c4 Nf6 2. d4 e6 3. Nc3 b6 4. e4 d6 5. Nf3 Na6 6. Bd3 Be7 7. 0-0 Nd7 8. e5 Bb7 9. Be4 Bxe4 10. Nxe4 dxe5 11. dxe5 Ndc5 12. Nxc5 Nxc5 13. Be3 0-0 14. Qc2 Qd3 15. Rac1 Rfd8 16. Qxd3 Nxd3 17. Rb1 Rd7 18. Rfd1 Rad8 19. Kf1 c6 20. b3 Bb4 21. Ke2 Bc3 22. Bg5 f6 23. exf6 gxf6 24. Be3 Kf7 25. g3 Ne5 26. Rxd7+ Rxd7 27. Nxe5+ Bxe5 28. Rd1 Rxd1 29. Kxd1 h5 30. Kd2 Bc7 31. a4 a6 32. Kd3 Ke7 33. h3 Kf7 34. g4 hxg4 35. hxg4 Kg6 36. b4 b5 37. cxb5 cxb5 38. axb5 axb5 39. Ke4 Kf7 40. f4 Bd6 41. Bd2 Bc7 42. f5 Bd6 43. Kd4 Ke7 44. Ke4 Kf7 45. Bc3 Ke7 46. Bd2 Kf7 47. Kd4 Ke7 48. Kd3 Kf7 49. Ke4 Ke7 1/2-1/2